Statistics for Countries That Export the Most Tin

Click here to take the quiz!

General Stats

  • This quiz has been taken 17 times
  • The average score is 8 of 14

Answer Stats

% of World's
Exported Tin
Country% Correct
31.8%Australia
88%
1.3%Brazil
88%
0.6%United States
88%
2.2%Russia
76%
0.5%Nigeria
65%
37.1%D. R. Congo
59%
0.5%France
59%
1.7%Malaysia
53%
1%Spain
53%
0.7%Tanzania
53%
3.8%Vietnam
47%
7.5%Bolivia
35%
1.4%Namibia
35%
7.6%Rwanda
18%

Score Distribution

Percentile by Number Answered

Percent of People with Each Score

Your Score History

You have not taken this quiz